| 000 | nam a22 a 4500 | ||
|---|---|---|---|
| 999 |
_c771 _d771 |
||
| 005 | 20170505094642.0 | ||
| 008 | 170505s1978 xxu||||| |||| 00| 0 eng d | ||
| 040 | _aAKMAL | ||
| 082 |
_218 _a291 BUC |
||
| 090 |
_a291 _bBUC |
||
| 100 |
_aBucaille, Maurice. _91625 |
||
| 240 | 1 | 3 | _aLa Bible, le Coran et la science |
| 245 | 1 | 4 |
_aThe Bible, the Qur'an and Science / _cMaurice Bucaille ; translated ... by Alastair D. Pannell and the Author. |
| 260 |
_aIndianapolis _bAmerican Trust Publications _c[1978] |
||
| 300 |
_aix, _ccm |
||
| 599 | _aDALAM PROSES | ||
| 630 | 0 | 4 |
_aKoran _xRelation to the Bible _xCollected works. _91676 |
| 630 | 0 | 4 |
_aBible. _91662 |
| 700 |
_aPannell, Alastair D. _91677 |
||
| 852 |
_aBritish Library _bDSC |
||
| 942 |
_2ddc _cBOOK |
||